Music Quiz

Random Music Quiz

United State of Pop 2015 Quiz Stats

Quiz not verified by Sporcle

Challenge
Share
Tweet
Score 0/50 Timer 10:00
0 Plays Today
Song % Correct
Hello
96.7%
Sorry
91%
Hotline Bling
89.2%
Uptown Funk
87.7%
Bad Blood
87.3%
Love Me Like You Do
86.3%
Sugar
85.4%
Lean On
84%
Worth It
83.5%
What Do You Mean
82.5%
Can't Feel My Face
81.6%
See You Again
81.1%
Stitches
76.9%
Drag Me Down
75.5%
Blank Space
72.6%
Wildest Dreams
70.3%
Centuries
69.8%
Watch Me
68.9%
Thinking Out Loud
67%
Fight Song
65.1%
Love Me Harder
64.2%
Where Are U Now
63.7%
Four Five Seconds
60.8%
Bitch Better Have My Money
59.4%
Cheerleader (Felix Jaehn Remix)
58%
Song % Correct
Cool For The Summer
57.1%
Shut Up And Dance
56.1%
The Hills
54.2%
Good For You
53.3%
Style
52.8%
Jealous
51.4%
Lips Are Movin
49.1%
Hey Mama
44.3%
Trap Queen
43.9%
Want to Want Me
43.9%
I'm Not The Only One
43.9%
Photograph
42.9%
GDFR
41.5%
Post To Be
41.5%
Talking Body
38.2%
679
34%
Somebody
33.5%
Earned It
33.5%
I Don't F*** With You
32.1%
Time Of Our Lives
28.8%
Like I'm Gonna Lose You
22.6%
Locked Away
22.2%
Honey, I'm Good
19.3%
Truffle Butter
16.5%
You Know You Like It
11.8%

You're not logged in!

Compare scores with friends on all Sporcle quizzes.
Join for Free
OR
Log In

You Might Also Like...

Show Comments

Extras

Top Quizzes Today


Score Distribution

Your Account Isn't Verified!

In order to create a playlist on Sporcle, you need to verify the email address you used during registration. Go to your Sporcle Settings to finish the process.

Report this User

Report this user for behavior that violates our Community Guidelines.

Details: